000
00330pab a2200145 454500
008
180718b1997 xxu||||| |||| 00| 0 eng d
100
_a
Kabir, Humayun
245
_a
Female education in rural areas
260
_c
1997
300
_a
p.60
362
_a
Sep
650
_a
Women education
773
_a
Kurukshetra
909
_a
35379
999
_c
35379
_d
35379